[Event "DUBAI CUP 2004"]
[Site "Tagaytay, Phil."]
[Date "2004.03.23"]
[Round "5.2"]
[White "Nadera, Barlo"]
[Black "Li, Shilong"]
[Result "1-0"]
[WhiteElo "2390"]
[BlackElo "2525"]
[PlyCount "91"]
[EventDate "2004.03.21"]

1. d4 Nf6 2. c4 e6 3. Nc3 c5 4. d5 exd5 5. cxd5 d6 6. Nf3 g6 7. Nd2 Nbd7 8. e4
Bg7 9. Be2 O-O 10. O-O Re8 11. Re1 a6 12. a4 Ne5 13. h3 g5 14. Ra3 g4 15. f4
gxf3 16. Nxf3 Ng6 17. Bf1 b6 18. Bg5 h6 19. Bd2 Nd7 20. Qc1 Nde5 21. Nh2 h5 22.
Nd1 f5 23. Nf2 f4 24. Be2 h4 25. b4 Rf8 26. a5 cxb4 27. Bxb4 bxa5 28. Bxa5 Qf6
29. Rc3 Bd7 30. Qa3 f3 31. Bxf3 Nf4 32. Kh1 Qg6 33. Rg1 Ne2 34. Bxe2 Rxf2 35.
Bf3 Nxf3 36. Rxf3 Re2 37. Re3 Bb2 38. Qb3 Ba4 39. Qb7 Rxe3 40. Qxa8+ Qe8 41.
Qxa6 Qxe4 42. Qxd6 Bb3 43. Bd2 Rd3 44. Re1 Qf5 45. Re8+ Kh7 46. Qh6# 1-0

[Event "DUBAI CUP 2004"]
[Site "Tagaytay, Phil."]
[Date "2004.03.23"]
[Round "5.3"]
[White "Yu, Shaoteng"]
[Black "Dimakiling, Oliver"]
[Result "0-1"]
[WhiteElo "2477"]
[BlackElo "1800"]
[PlyCount "124"]
[EventDate "2004.03.21"]

1. e4 c5 2. Nc3 e6 3. Nf3 a6 4. d4 cxd4 5. Nxd4 Qb6 6. Nb3 Qc7 7. Bd3 b5 8. O-O
Bb7 9. f4 d6 10. Qf3 Nd7 11. Bd2 Ngf6 12. Rae1 h5 13. a4 b4 14. Nd1 d5 15. exd5
Bxd5 16. Qh3 Nc5 17. Nxc5 Bxc5+ 18. Kh1 Qc6 19. Be3 O-O 20. Bxc5 Qxc5 21. Re5
Qc6 22. Ne3 Rfd8 23. Nxd5 Rxd5 24. b3 g6 25. Qh4 Kg7 26. h3 Rad8 27. Rf3 Qd6
28. Rfe3 Rd4 29. Qg5 Nh7 30. Qg3 Nf8 31. Rxh5 Rxf4 32. Ra5 Qc7 33. Rxa6 Rdd4
34. Rf3 e5 35. Rxf4 Rxf4 36. Qe3 Ne6 37. Qa7 e4 38. Bc4 Qxa7 39. Rxa7 e3 40.
Kg1 Kf6 41. Rd7 Rf2 42. Bxe6 Kxe6 43. Rd3 Rxc2 44. Rxe3+ Kd5 45. Kh2 Rb2 46. h4
Kd4 47. Rf3 f5 48. Kg3 Rc2 49. Rf2 Rc3+ 50. Rf3 Ke5 51. Kf2 Rc2+ 52. Kf1 Rc1+
53. Kf2 Rc2+ 54. Kg3 Re2 55. Rf4 Re3+ 56. Rf3 Rc3 57. Kh2 f4 58. Kh3 Kf5 59. a5
g5 60. hxg5 Kxg5 61. a6 Rc6 62. Rd3 Rh6# 0-1

[Event "DUBAI CUP 2004"]
[Site "Tagaytay, Phil."]
[Date "2004.03.23"]
[Round "5.4"]
[White "Panopio Jr, Rodolfo"]
[Black "Liang, Jinrong"]
[Result "1/2-1/2"]
[WhiteElo "1800"]
[BlackElo "2467"]
[PlyCount "143"]
[EventDate "2004.03.21"]

1. e4 c5 2. c3 Nf6 3. e5 Nd5 4. Nf3 Nc6 5. d4 cxd4 6. cxd4 d6 7. Bc4 e6 8. O-O
Be7 9. Qe2 O-O 10. Nbd2 Na5 11. Bb5 Bd7 12. Bxd7 Qxd7 13. Ne4 Nc6 14. Bg5 Bxg5
15. Nexg5 h6 16. Ne4 dxe5 17. dxe5 Rfd8 18. Rac1 Nf4 19. Qe3 Ng6 20. Nc5 Qc7
21. Qb3 Rab8 22. Rfe1 Rd5 23. h3 Ngxe5 24. Nxe5 Rxe5 25. Red1 Nd4 26. Rxd4 Rxc5
27. Rxc5 Qxc5 28. Rg4 Qc1+ 29. Kh2 Qc7+ 30. Rg3 Rd8 31. Qe3 b6 32. Qe4 Rd2 33.
Qe3 Qd6 34. a3 g6 35. b4 h5 36. h4 Qd4 37. Qxd4 Rxd4 38. Rh3 Kf8 39. Kg1 a5 40.
bxa5 bxa5 41. Kf1 Ke7 42. Ke2 f5 43. Rh1 Ra4 44. Rh3 Kf6 45. Kd2 Rf4 46. Ke2 e5
47. Kf1 Re4 48. Rh1 Ke7 49. Rh3 Ke6 50. Rg3 Rg4 51. Rh3 Kf6 52. Rh2 Ke6 53. Rh3
Kd6 54. Kg1 Kd5 55. Kf1 Kc4 56. f3 Rf4 57. Rg3 e4 58. Rxg6 exf3 59. g3 Rg4 60.
Ra6 Kb5 61. Rf6 Rxg3 62. Rxf5+ Ka4 63. Rxh5 Rg4 64. Rf5 Rxh4 65. Rxf3 Re4 66.
Kf2 Re5 67. Rg3 Rb5 68. Ke2 Rb3 69. Rxb3 Kxb3 70. a4 Kxa4 71. Kd2 Kb3 72. Kc1
1/2-1/2

[Event "DUBAI CUP 2004"]
[Site "Tagaytay, Phil."]
[Date "2004.03.23"]
[Round "5.1"]
[White "Torre, Eugenio"]
[Black "Paragua, Mark"]
[Result "1/2-1/2"]
[WhiteElo "2521"]
[BlackElo "2529"]
[PlyCount "91"]
[EventDate "2004.03.21"]

1. d4 Nf6 2. Nf3 g6 3. Bg5 Bg7 4. Nbd2 c5 5. e3 cxd4 6. exd4 O-O 7. Bd3 d5 8.
O-O Nc6 9. c3 Qc7 10. Re1 Bf5 11. Bxf5 gxf5 12. Bxf6 Bxf6 13. Nb3 e6 14. Nc5
Na5 15. Nd3 Nc4 16. Nfe5 Bxe5 17. dxe5 Kh8 18. Qe2 Rg8 19. h3 Nb6 20. Nf4 Nd7
21. Qe3 Qb6 22. Qxb6 Nxb6 23. Rad1 Rac8 24. Rd4 Rc4 25. Rxc4 Nxc4 26. Re2 Rc8
27. f3 Na5 28. g4 Rc4 29. Nh5 f4 30. Rc2 Nc6 31. b3 Rc5 32. Kf2 d4 33. c4 Nxe5
34. Rd2 Nc6 35. Nxf4 Ra5 36. Nd3 Ra3 37. f4 b6 38. Kf3 a5 39. c5 a4 40. Rb2
bxc5 41. Nxc5 Nb4 42. Nxa4 Nxa2 43. Ke4 Nc3+ 44. Kxd4 Nxa4 45. bxa4 Rxa4+ 46.
Ke5 1/2-1/2

[Event "DUBAI CUP 2004"]
[Site "Tagaytay, Phil."]
[Date "2004.03.23"]
[Round "5.3"]
[White "Dableo, Ronald"]
[Black "Datu, Idelfonso"]
[Result "1-0"]
[WhiteElo "2426"]
[BlackElo "2443"]
[PlyCount "235"]
[EventDate "2004.03.21"]

1. c4 e6 2. e3 Nf6 3. Nf3 b6 4. b3 Bb7 5. Bb2 Be7 6. d3 O-O 7. Be2 c5 8. O-O d5
9. Nbd2 Nc6 10. a3 Qc7 11. Rc1 dxc4 12. Nxc4 Rad8 13. Qc2 Nd5 14. Rfe1 Qb8 15.
Qb1 Rfe8 16. Bf1 Bf8 17. Qa1 f6 18. Ncd2 e5 19. Rc2 a5 20. Rec1 Qa8 21. Nc4 Qa7
22. g3 a4 23. bxa4 Na5 24. Nfd2 Nc6 25. Qb1 Ba8 26. Ba1 Kh8 27. Bg2 Na5 28.
Bxd5 Rxd5 29. Qxb6 Qxb6 30. Nxb6 Rxd3 31. Bc3 Nc6 32. Ne4 Nd4 33. Nxa8 Nxc2 34.
Nc7 Rc8 35. Nb5 Nd4 36. Bxd4 exd4 37. exd4 c4 38. Nc5 Rd2 39. Rxc4 Rb2 40. Kg2
Kg8 41. h4 Kf7 42. Rc3 Re8 43. Nd3 Rd2 44. Kf3 Ra8 45. Ke3 Rd1 46. d5 Rxa4 47.
Rc7+ Kg6 48. Nc3 Rxd3+ 49. Kxd3 Rxa3 50. Ke2 Kf5 51. Rc4 h5 52. f3 Rb3 53. g4+
hxg4 54. fxg4+ Ke5 55. Re4+ Kd6 56. Kd3 Kd7 57. Kc2 Rb8 58. Ra4 Kd6 59. Kd3 f5
60. Kd4 fxg4 61. Ne4+ Kc7 62. Ra7+ Kb6 63. Rf7 Re8 64. Rf4 Ba3 65. Rxg4 Bb2+
66. Kd3 Rd8 67. Kc4 Rc8+ 68. Kb4 Rc1 69. Rg6+ Kc7 70. Kb5 Kd8 71. Ra6 Be5 72.
Nc5 Bg3 73. d6 Bxd6 74. Rxd6+ Ke7 75. Rg6 Kf7 76. Rg4 Kf6 77. Nd3 Rh1 78. Kc4
Kf5 79. Rf4+ Kg6 80. Ne5+ Kh5 81. Nf3 Rd1 82. Kc3 Rd8 83. Ng5 Rd1 84. Kc2 Rg1
85. Nf3 Rg6 86. Kd3 Re6 87. Ng5 Re1 {Diagram #} 88. Kd2 Re8 89. Ne4 Ra8 90. Ke2
Ra2+ 91. Kf3 Ra3+ 92. Kg2 Ra2+ 93. Kh3 Ra3+ 94. Ng3+ Kh6 95. Kg4 g6 96. Re4 Ra6
97. Ne2 Ra1 98. Re6 Kg7 99. Ng3 Ra4+ 100. Ne4 Ra1 101. Re7+ Kh6 102. Re5 Rg1+
103. Kf3 Rh1 104. Kg3 Rg1+ 105. Kh2 Ra1 106. Nf2 Ra4 107. Kg3 Ra3+ 108. Kf4
Ra4+ 109. Ne4 Ra1 110. Kg4 Rg1+ 111. Ng3 Ra1 112. Re6 Kg7 113. Ne2 Kf7 114. Rd6
Re1 115. Rd2 Ra1 116. Nf4 Rg1+ 117. Rg2 Rf1 118. Kg5 1-0

[Event "DUBAI CUP 2004"]
[Site "Tagaytay, Phil."]
[Date "2004.03.23"]
[Round "5.1"]
[White "Megaranto, Susanto"]
[Black "Situru, Nathanael"]
[Result "1/2-1/2"]
[WhiteElo "2458"]
[BlackElo "2375"]
[PlyCount "44"]
[EventDate "2004.03.21"]

1. e4 c5 2. c3 d5 3. exd5 Qxd5 4. d4 Nf6 5. Nf3 Bg4 6. Be2 cxd4 7. cxd4 e6 8.
O-O Nc6 9. Nc3 Qa5 10. a3 Bd6 11. h3 Bh5 12. Be3 O-O 13. b4 Qd8 14. Qb3 h6 15.
Rfd1 Ne7 16. g4 Bg6 17. Ne5 Nfd5 18. Nxd5 Nxd5 19. Bf3 Bxe5 20. dxe5 Qh4 21.
Bxd5 exd5 22. Qxd5 Qxh3 1/2-1/2

[Event "DUBAI CUP 2004"]
[Site "Tagaytay, Phil."]
[Date "2004.03.23"]
[Round "5.3"]
[White "Sitanggang, Salor"]
[Black "Said, Yand Die"]
[Result "1-0"]
[WhiteElo "2407"]
[BlackElo "1800"]
[PlyCount "32"]
[EventDate "2004.03.21"]

1. d4 d5 2. Nf3 Nf6 3. c4 c6 4. Nc3 dxc4 5. a4 Bf5 6. e3 Bd3 7. Bxd3 cxd3 8.
Qxd3 e6 9. O-O a5 10. e4 Be7 11. Bg5 Na6 12. Qc4 O-O 13. Rad1 Nb4 14. Rfe1 Re8
15. e5 Nd7 16. Ne4 Nf8 {unclear scoresheet and black won on 34 moves} 1-0

[Event "DUBAI CUP 2004"]
[Site "Tagaytay, Phil."]
[Date "2004.03.23"]
[Round "5.4"]
[White "Tanda, Joni"]
[Black "Handoko, Edhi"]
[Result "0-1"]
[WhiteElo "1800"]
[BlackElo "2405"]
[PlyCount "68"]
[EventDate "2004.03.21"]

1. d4 d5 2. Nf3 Nf6 3. c4 e6 4. Nc3 c6 5. Bg5 Nbd7 6. Qc2 Qa5 7. Nd2 Bb4 8. Bf4
O-O 9. e3 Ne4 10. Ndxe4 dxe4 11. Be2 e5 12. dxe5 Nxe5 13. O-O Bxc3 14. Qxc3
Qxc3 15. bxc3 Re8 16. Rfd1 Bf5 17. Rd6 Ng6 18. Bg3 Nf8 19. Kf1 Ne6 20. Rad1 Nc5
21. f4 Nd3 22. Kg1 Rad8 23. Rd4 c5 24. Rxd8 Rxd8 25. Bh4 Rd7 26. Rd2 Be6 27.
Bxd3 exd3 28. Be1 f5 29. Rb2 Bxc4 30. Bd2 Kf7 31. Kf2 Ke6 32. h3 b5 33. a3 Rd6
34. Rb1 Kd5 0-1

[Event "DUBAI CUP 2004"]
[Site "Tagaytay, Phil."]
[Date "2004.03.23"]
[Round "5.1"]
[White "Wong, Zi Jing"]
[Black "Mahjoob, Morteza"]
[Result "1/2-1/2"]
[WhiteElo "2339"]
[BlackElo "2457"]
[PlyCount "128"]
[EventDate "2004.03.21"]

1. e4 c6 2. d4 d5 3. Nc3 dxe4 4. Nxe4 Bf5 5. Ng3 Bg6 6. h4 h6 7. Nf3 Nd7 8. h5
Bh7 9. Bd3 Bxd3 10. Qxd3 e6 11. Bf4 Bb4+ 12. c3 Be7 13. O-O-O Ngf6 14. Kb1 O-O
15. Ne4 Nxe4 16. Qxe4 Nf6 17. Qc2 Qd5 18. Rde1 c5 19. c4 Qd8 20. Rd1 cxd4 21.
Nxd4 Qa5 22. g4 Rfc8 23. Rhg1 Nd5 24. Bd2 Qb6 25. Qd3 Nb4 26. Bxb4 Qxb4 27. b3
a5 28. a4 Rd8 29. Qc2 Bf6 30. Nb5 Qc5 31. Ka2 Qe5 32. f3 Qf4 33. Qe2 Rac8 34.
Na7 Rxd1 35. Rxd1 Rd8 36. Rxd8+ Bxd8 37. Nb5 Bf6 38. Kb1 Qg3 39. Kc2 Qg1 40.
Nc3 Qb6 41. Ne4 Be5 42. Qf2 Bd4 43. Qd2 e5 44. Ng3 g6 45. hxg6 fxg6 46. Qxh6
Be3 47. g5 Qe6 48. Ne4 Qf5 49. Kb2 Bd4+ 50. Ka2 Qxf3 51. Qxg6+ Kf8 52. Qf6+
Qxf6 53. gxf6 Kf7 54. Kb1 b6 55. Kc2 Ke6 56. Kd3 Bc5 57. Ke2 Bf8 58. Kf3 Kf5
59. Nc3 Kxf6 60. Nd5+ Kf5 61. Nxb6 e4+ 62. Ke2 Ke6 63. Nd5 Bc5 64. Nc3 Ke5
1/2-1/2

[Event "DUBAI CUP 2004"]
[Site "Tagaytay, Phil."]
[Date "2004.03.23"]
[Round "5.2"]
[White "Moradiabadi, Elshan"]
[Black "Siti, Zulaikha"]
[Result "1-0"]
[WhiteElo "2383"]
[BlackElo "2162"]
[PlyCount "77"]
[EventDate "2004.03.21"]

1. d4 Nf6 2. c4 e6 3. Nc3 Bb4 4. e3 c5 5. Bd3 d5 6. cxd5 Qxd5 7. Nf3 cxd4 8.
exd4 Nc6 9. O-O Qd8 10. Bg5 Be7 11. Qe2 O-O 12. Rad1 Nb4 13. Bb1 Nbd5 14. Rfe1
h6 15. Bc1 b6 16. Ne5 Bb7 17. Qd3 a5 18. Qh3 h5 19. Ne4 Bb4 20. Nxf6+ Nxf6 21.
Re3 Qd5 22. a3 Bd6 23. Ree1 Rfd8 24. Nf3 Be7 25. Bg5 Qb3 26. Rd2 Rac8 27. Bd3
Rc7 28. Bf4 Rcc8 29. Be5 Kf8 30. Ng5 Qd5 31. Rde2 Ba8 32. Ne4 b5 33. Nxf6 gxf6
34. Be4 Qd7 35. Qxh5 Ke8 36. Qh8+ Bf8 37. Bxf6 Bxe4 38. Rxe4 Qc6 39. Rh4 1-0

[Event "DUBAI CUP 2004"]
[Site "Tagaytay, Phil."]
[Date "2004.03.23"]
[Round "5.3"]
[White "Anas, Nazreen Bakri"]
[Black "Mallahi, Amir"]
[Result "0-1"]
[WhiteElo "2204"]
[BlackElo "2378"]
[PlyCount "162"]
[EventDate "2004.03.21"]

1. e4 c5 2. Nf3 Nc6 3. d4 cxd4 4. Nxd4 Nf6 5. Nc3 e5 6. Ndb5 d6 7. Bg5 a6 8.
Na3 Be6 9. Bxf6 Qxf6 10. Nd5 Qd8 11. c3 g6 12. Be2 Bg7 13. Qd2 Ne7 14. Bc4 O-O
15. Rd1 b5 16. Nxe7+ Qxe7 17. Bxe6 Qxe6 18. Qd5 Rfd8 19. O-O Rac8 20. Rd3 Bf8
21. Rfd1 Rc5 22. Qb3 Rdc8 23. Rd5 Rxd5 24. Rxd5 Qg4 25. f3 Qf4 26. Rd1 Qe3+ 27.
Kh1 Kg7 28. Qd5 Rc7 29. Qd3 Qxd3 30. Rxd3 f5 31. Kg1 Kf7 32. Kf2 Ke6 33. Nc2
Bh6 34. Nb4 a5 35. Nd5 Rc4 36. b3 Rc8 37. Ke2 a4 38. g4 Bg5 39. Kf2 Bd8 40. Rd2
axb3 41. gxf5+ gxf5 42. axb3 Ra8 43. Ke2 Ra3 44. b4 Ra1 45. Rd1 Ra2+ 46. Rd2
Ra1 47. Kd3 Rg1 48. Re2 f4 49. Ra2 Rd1+ 50. Rd2 Rf1 51. Ke2 Rh1 52. Kd3 h5 53.
Rg2 Kf7 54. Ra2 Rd1+ 55. Ke2 Rh1 56. Kd3 Rd1+ 57. Ke2 Rh1 58. Kd3 Ke6 59. Ra8
Kd7 60. Ra7+ Kc6 61. Ra6+ Kd7 62. Ra7+ Ke8 63. Ra2 h4 64. c4 Rd1+ 65. Rd2 bxc4+
66. Kc3 Rf1 67. Kxc4 Rxf3 68. b5 Rf1 69. Ra2 Kd7 70. b6 Rb1 71. Ra7+ Kc6 72. b7
Rc1+ 73. Kd3 Rb1 74. Ra6+ Kxb7 75. Rxd6 Bb6 76. Rh6 f3 77. Nxb6 f2 78. Rf6
f1=Q+ 79. Rxf1 Rxf1 80. Nc4 Rh1 81. Nxe5 Rxh2 0-1

[Event "DUBAI CUP 2004"]
[Site "Tagaytay, Phil."]
[Date "2004.03.23"]
[Round "5.2"]
[White "Irzhanov, Ruslan"]
[Black "Mari, Arul"]
[Result "1-0"]
[WhiteElo "2501"]
[BlackElo "2322"]
[PlyCount "65"]
[EventDate "2004.03.21"]

1. Nf3 Nf6 2. g3 g6 3. Bg2 Bg7 4. O-O O-O 5. d4 d6 6. c4 c5 7. Nc3 cxd4 8. Nxd4
Nc6 9. Nxc6 bxc6 10. Bxc6 Rb8 11. Bg2 Qa5 12. Nb5 d5 13. Nd4 Bb7 14. Nb3 Qd8
15. c5 e5 16. Bd2 Qd7 17. Na5 Ba8 18. b4 Rfc8 19. Rc1 Ne8 20. Qb3 Nc7 21. Rfd1
Bc6 22. Nxc6 Qxc6 23. a4 a6 24. Bg5 Rb7 25. Rxd5 Nxd5 26. Bxd5 Rxb4 27. Bxf7+
Kf8 28. Qxb4 Kxf7 29. Qb3+ Kf8 30. Rd1 Qxc5 31. Rd7 Qc4 32. Rd8+ Kf7 33. Qf3+
1-0

[Event "DUBAI CUP 2004"]
[Site "Tagaytay, Phil."]
[Date "2004.03.23"]
[Round "5.4"]
[White "Serik, Temirbaev"]
[Black "Lakshaminarayanan, Govindarajan"]
[Result "1-0"]
[WhiteElo "2459"]
[BlackElo "2009"]
[PlyCount "83"]
[EventDate "2004.03.21"]

1. d4 d5 2. c4 e6 3. Nf3 Nf6 4. g3 c5 5. cxd5 exd5 6. Bg2 Nc6 7. O-O Be7 8. Nc3
O-O 9. Bg5 cxd4 10. Nxd4 h6 11. Be3 Bg4 12. h3 Be6 13. Rc1 Qd7 14. Kh2 Nxd4 15.
Bxd4 Ne4 16. e3 f5 17. Qe2 a6 18. Rfd1 Bf6 19. Bxf6 Nxf6 20. Qe1 Rad8 21. Ne2
Qf7 22. Nd4 Ne4 23. Rc2 Rd7 24. Rdc1 Rfd8 25. b3 Kh7 26. Rc8 Rxc8 27. Rxc8 Nd6
28. Rc2 Ne4 29. Qa5 Re7 30. Qb6 g6 31. Bxe4 dxe4 32. Qd6 Bd5 33. Rc5 Rd7 34.
Qe5 Qg8 35. h4 Qd8 36. h5 Bf7 37. Ne6 Bxe6 38. hxg6+ Kxg6 39. Qxe6+ Kg7 40.
Rxf5 Re7 41. Qf6+ Kh7 42. Rh5 1-0

[Event "DUBAI CUP 2004"]
[Site "Tagaytay, Phil."]
[Date "2004.03.23"]
[Round "5.1"]
[White "Tindall, Brett"]
[Black "Donguines, Fernie"]
[Result "1-0"]
[WhiteElo "2286"]
[BlackElo "2413"]
[PlyCount "71"]
[EventDate "2004.03.21"]

1. d4 g6 2. c4 Bg7 3. Nc3 d6 4. e4 Nc6 5. Be3 e5 6. d5 Nce7 7. c5 Nf6 8. cxd6
cxd6 9. Qa4+ Kf8 10. f3 Ne8 11. Bb5 Nc7 12. Rc1 h5 13. Nge2 Kg8 14. O-O Kh7 15.
Bd3 Ne8 16. Nb5 Bh6 17. f4 a6 18. Nc7 Nxc7 19. Bb6 Qe8 20. Qa5 Nb5 21. Bxb5
Qxb5 22. Qxb5 axb5 23. Rc7 Ra6 24. fxe5 Rxb6 25. Rxf7+ Bg7 26. Rfxe7 Rg8 27. e6
Kh6 28. Rxg7 Rxg7 29. Rxc8 Kg5 30. Rf8 b4 31. Rf7 Rg8 32. e7 Re8 33. Nd4 Kh6
34. Ne6 Ra6 35. h4 Raa8 36. Ng5 1-0

[Event "DUBAI CUP 2004"]
[Site "Tagaytay, Phil."]
[Date "2004.03.23"]
[Round "5.2"]
[White "Nolte, Rolando"]
[Black "Jones, Lee"]
[Result "1-0"]
[WhiteElo "2389"]
[BlackElo "2192"]
[PlyCount "109"]
[EventDate "2004.03.21"]

1. e4 c6 2. d4 d5 3. Nc3 dxe4 4. Nxe4 Bf5 5. Ng3 Bg6 6. h4 h6 7. Nf3 Nd7 8. h5
Bh7 9. Bd3 Bxd3 10. Qxd3 e6 11. Bf4 Qa5+ 12. Bd2 Qc7 13. O-O-O Ngf6 14. Kb1
O-O-O 15. Ne4 Nxe4 16. Qxe4 Nf6 17. Qe2 c5 18. Bc1 Bd6 19. dxc5 Bxc5 20. Ne5
Rxd1 21. Rxd1 Rd8 22. Rxd8+ Kxd8 23. f4 Bd6 24. Nd3 Qb6 25. Ne5 Qc7 26. g4 Bxe5
27. fxe5 Nd7 28. Qf2 Nb6 29. g5 hxg5 30. Qd2+ Ke8 31. Qxg5 Kf8 32. b3 Nd5 33.
Ba3+ Kg8 34. h6 f6 35. exf6 Nxf6 36. Bb2 Qf7 37. hxg7 Ne8 38. Qd8 Qf1+ 39. Bc1
Qf7 40. a4 a6 41. Bb2 Qg6 42. Be5 Qh5 43. Bc3 Qf7 44. a5 Qg6 45. Qb8 Qf7 46.
Qd8 Qg6 47. Kb2 Qf7 48. Bd4 Qg6 49. c4 Qh5 50. Ka3 Kh7 51. Kb4 e5 52. Qd5 Nxg7
53. Bxe5 Qe8 54. Qd3+ Kg8 55. Qg3 1-0

[Event "DUBAI CUP 2004"]
[Site "Tagaytay, Phil."]
[Date "2004.03.23"]
[Round "5.3"]
[White "Jones, Brian"]
[Black "Nones, Teodulfo"]
[Result "1/2-1/2"]
[WhiteElo "2176"]
[BlackElo "2285"]
[PlyCount "102"]
[EventDate "2004.03.21"]

1. d4 g6 2. c4 Bg7 3. Nf3 d6 4. g3 Nc6 5. d5 Nb8 6. Nc3 c5 7. Bg2 Nf6 8. O-O
O-O 9. h3 Na6 10. Re1 Nc7 11. e4 Nd7 12. Be3 Rb8 13. a4 b6 14. Qd2 Re8 15. Bh6
Bh8 16. Bf1 a5 17. Ra3 Ba6 18. Rb3 Ne5 19. Nxe5 Bxe5 20. Bf4 Bd4 21. e5 Qd7 22.
exd6 exd6 23. Rxe8+ Nxe8 24. Kh2 Qe7 25. Bd3 f5 26. Kg2 Bf6 27. Qe2 Qxe2 28.
Nxe2 Kf7 29. Bd2 Rb7 30. g4 fxg4 31. hxg4 Bd8 32. Nf4 Ng7 33. Bf1 Re7 34. Rf3
Kg8 35. Bc3 Bc8 36. Kg3 g5 37. Ng2 Re4 38. Ne3 h5 39. Bxg7 Kxg7 40. Bd3 hxg4
41. Bxe4 gxf3 42. Bxf3 Bf6 43. b3 Be5+ 44. Kg2 Bd4 45. Be4 Bxe3 46. fxe3 Kf6
47. Bc2 Ke5 48. Kg3 Bd7 49. Kf2 Bc8 50. Kg3 Bd7 51. Kf2 Bc8 1/2-1/2

[Event "DUBAI CUP 2004"]
[Site "Tagaytay, Phil."]
[Date "2004.03.23"]
[Round "5.4"]
[White "Layesa, Gabriel"]
[Black "Rippis, Theos"]
[Result "1/2-1/2"]
[WhiteElo "1800"]
[BlackElo "2083"]
[PlyCount "101"]
[EventDate "2004.03.21"]

1. e4 c5 2. Nc3 Nc6 3. f4 g6 4. Nf3 Bg7 5. Bc4 e6 6. O-O Nge7 7. e5 d6 8. exd6
Qxd6 9. Ne4 Qd8 10. d3 b6 11. Kh1 O-O 12. c3 Bb7 13. Qe2 Qc7 14. Qf2 Rad8 15.
Nfg5 Nd5 16. Qh4 h6 17. Nh3 Qe7 18. Qg3 Qc7 19. Bd2 Nde7 20. Qe3 Qd7 21. Bb5 a6
22. Bxc6 Bxc6 23. Nhf2 Bb5 24. Rfd1 Nf5 25. Qh3 Bc6 26. Be1 Qb7 27. Kg1 c4 28.
Nd2 cxd3 29. Nc4 d2 30. Rxd2 Rxd2 31. Bxd2 Rd8 32. Be3 Nxe3 33. Nxe3 b5 34. Rd1
Qc7 35. Qh4 Rxd1+ 36. Nfxd1 Qd6 37. Qf2 h5 38. Kf1 Bh6 39. g3 Bg7 40. Ke1 Kf8
41. Qd2 Qxd2+ 42. Kxd2 Ke7 43. Nf2 Kd7 44. Nd3 Kd6 45. Nc2 a5 46. Ke3 Bd5 47.
a3 Bc4 48. Nf2 Bd5 49. Nd3 Bc4 50. Nf2 Bd5 51. Nd3 1/2-1/2

[Event "DUBAI CUP 2004"]
[Site "Tagaytay, Phil."]
[Date "2004.03.23"]
[Round "5.1"]
[White "Ali, Alhalila"]
[Black "Al Sayed, Mohamad"]
[Result "0-1"]
[WhiteElo "2050"]
[BlackElo "2446"]
[PlyCount "154"]
[EventDate "2004.03.21"]

1. Nf3 Nf6 2. c4 g6 3. g3 Bg7 4. Nc3 O-O 5. Bg2 d6 6. d3 a6 7. O-O c6 8. a4 e5
9. Bg5 h6 10. Bxf6 Bxf6 11. e4 a5 12. Rb1 Bg7 13. Nh4 Na6 14. Ne2 Nc5 15. Nc3
Kh7 16. h3 Qb6 17. b3 Qd8 18. Kh2 Ra6 19. Nf3 Rb6 20. Qc2 Qe7 21. Nd2 h5 22.
Ne2 Bh6 23. Nc1 h4 24. Qc3 Nxa4 25. Qc2 Nc5 26. Nf3 hxg3+ 27. fxg3 Rh8 28. d4
exd4 29. Nxd4 Bg7 30. Nce2 Nd7 31. Qd2 Ra6 32. Nf3 Ne5 33. Rbd1 Nxf3+ 34. Rxf3
Be5 35. Nf4 Kg7 36. Rdf1 Ra8 37. Nd3 Be6 38. c5 Rhd8 39. Qf2 Rd7 40. Qe3 Rh8
41. Kg1 Kg8 42. Kh2 Rh7 43. Nxe5 dxe5 44. Qc3 Rd4 45. Qxa5 Qd7 46. Qa8+ Kg7 47.
Qb8 Rxe4 48. h4 Rh8 49. Qa7 Re2 50. Qa5 g5 51. Qb4 Qd2 52. Qxd2 Rxd2 53. R3f2
Rxf2 54. Rxf2 gxh4 55. b4 hxg3+ 56. Kxg3 f5 57. Rf1 Ra8 58. b5 f4+ 59. Kh2 Ra2
60. Kg1 Rc2 61. bxc6 bxc6 62. Bxc6 Rxc5 63. Bf3 Bd5 64. Bg4 Rc2 65. Rd1 Rg2+
66. Kf1 Rxg4 67. Rxd5 Kf6 68. Kf2 Kf5 69. Ra5 Rg8 70. Kf3 Rb8 71. Kf2 Rb3 72.
Ra8 Rb2+ 73. Ke1 e4 74. Rg8 e3 75. Rh8 Ke4 76. Kd1 Rb1+ 77. Kc2 Rg1 0-1

[Event "DUBAI CUP 2004"]
[Site "Tagaytay, Phil."]
[Date "2004.03.23"]
[Round "5.2"]
[White "Abdulghafour, Yousef"]
[Black "Sabri, Abdulmuawla"]
[Result "0-1"]
[WhiteElo "2143"]
[BlackElo "2196"]
[PlyCount "78"]
[EventDate "2004.03.21"]

1. d4 Nf6 2. Nf3 d5 3. Bg5 c6 4. e3 Ne4 5. Bf4 Bf5 6. Nbd2 e6 7. Bd3 Nxd2 8.
Qxd2 Bxd3 9. Qxd3 Bd6 10. Bxd6 Qxd6 11. O-O Nd7 12. c4 O-O 13. Rfc1 Rfe8 14. a3
h6 15. b4 e5 16. Qb3 exd4 17. Nxd4 dxc4 18. Qxc4 Rad8 19. Nf3 Ne5 20. Qe2 Qd3
21. Re1 Qxe2 22. Rxe2 Nxf3+ 23. gxf3 Rd3 24. a4 Rb3 25. b5 cxb5 26. axb5 Rxb5
27. Rxa7 Re6 28. Rc2 Rb1+ 29. Kg2 Rg6+ 30. Kh3 Rb5 31. Rc4 Rb2 32. Rc7 Rxf2 33.
Ra8+ Kh7 34. Rxf7 b5 35. Rb8 Rgg2 36. Rxb5 Rxh2+ 37. Kg3 Rfg2+ 38. Kf4 Rh4+ 39.
Ke5 Rh5+ 0-1

[Event "DUBAI CUP 2004"]
[Site "Tagaytay, PHI"]
[Date "2004.03.25"]
[Round "6.1"]
[White "Kotsur, Pavel"]
[Black "Senador, Emmanuel"]
[Result "1-0"]
[WhiteElo "2569"]
[BlackElo "2453"]
[PlyCount "51"]
[EventDate "2004.03.21"]

1. e4 e5 2. Nf3 Nc6 3. Bc4 Nf6 4. d3 Be7 5. O-O O-O 6. Bb3 d6 7. c3 Na5 8. Bc2
c5 9. a3 Nc6 10. Re1 Be6 11. b4 a6 12. Nbd2 h6 13. Bb2 Re8 14. h3 d5 15. exd5
Nxd5 16. Ne4 cxb4 17. cxb4 Qc7 18. Rc1 Rad8 19. Ba4 f6 20. d4 Nf4 21. Qc2 Kh8
22. dxe5 f5 23. Nd6 Bxd6 24. exd6 Qxd6 25. Bxc6 bxc6 26. Be5 1-0

[Event "DUBAI CUP 2004"]
[Site "Tagaytay, PHI"]
[Date "2004.03.25"]
[Round "6.3"]
[White "Ibraev, Nurlan"]
[Black "Dimakiling, Oliver"]
[Result "0-1"]
[WhiteElo "2427"]
[BlackElo "1800"]
[PlyCount "82"]
[EventDate "2004.03.21"]

1. Nf3 Nf6 2. c4 e6 3. Nc3 Bb4 4. Qc2 c5 5. a3 Ba5 6. g3 O-O 7. Bg2 Nc6 8. O-O
d5 9. d3 d4 10. Na4 Nd7 11. e3 Bc7 12. exd4 cxd4 13. b4 e5 14. Re1 Ne7 15. c5
b5 16. cxb6 axb6 17. Nxd4 Rxa4 18. Nb5 Nc5 19. bxc5 Ra5 20. a4 Bf5 21. Be4 bxc5
22. Qxc5 Bb8 23. Ba3 Re8 24. Bb4 Ra6 25. Bb7 Rh6 26. d4 Qd7 27. Bg2 e4 28. Bxe4
Bxe4 29. Rxe4 Qh3 30. Rxe7 Qxh2+ 31. Kf1 Qh3+ 32. Ke2 Rxe7+ 33. Kd3 Re8 34. a5
Qg4 35. Re1 Rhe6 36. Rxe6 Qxe6 37. Nc3 Rc8 38. Qb5 Ba7 39. Bc5 Rb8 40. Bxa7
Rxb5 41. Nxb5 Qc6 0-1

[Event "DUBAI CUP 2004"]
[Site "Tagaytay, PHI"]
[Date "2004.03.25"]
[Round "6.4"]
[White "Panopio Jr, Rodolfo"]
[Black "Serik, Temirbaev"]
[Result "1/2-1/2"]
[WhiteElo "1800"]
[BlackElo "2459"]
[PlyCount "66"]
[EventDate "2004.03.21"]

1. e4 c5 2. c3 d5 3. exd5 Qxd5 4. d4 Nf6 5. Nf3 Nc6 6. Na3 Bg4 7. Be2 cxd4 8.
Nb5 Rc8 9. Nbxd4 Nxd4 10. cxd4 a6 11. O-O e6 12. Be3 Be7 13. Qa4+ Qd7 14. Qb3
Bxf3 15. Bxf3 Nd5 16. Rac1 O-O 17. Rxc8 Rxc8 18. Rc1 Rxc1+ 19. Bxc1 Qc6 20. Be3
h6 21. h3 Bg5 22. Bxg5 hxg5 23. g3 f6 24. Kg2 Kf7 25. a3 b5 26. Bh5+ Ke7 27.
Bf3 Kf7 28. Qd3 g6 29. Qd2 Qc4 30. Be2 Qc6 31. Bf3 Qc4 32. Be2 Qc7 33. Bf3 Qc4
1/2-1/2

[Event "DUBAI CUP 2004"]
[Site "Tagaytay, PHI"]
[Date "2004.03.25"]
[Round "6.1"]
[White "Situru, Nathanael"]
[Black "Liang, Chong"]
[Result "0-1"]
[WhiteElo "2375"]
[BlackElo "2526"]
[PlyCount "78"]
[EventDate "2004.03.21"]

1. e4 c6 2. d4 d5 3. exd5 cxd5 4. c4 Nf6 5. cxd5 Nxd5 6. Nc3 e6 7. Bd3 Nc6 8.
Nf3 g6 9. O-O Bg7 10. Bg5 Qa5 11. Qd2 O-O 12. Bh6 Nxc3 13. bxc3 e5 14. Bxg7
Kxg7 15. dxe5 Rd8 16. Qc2 Nxe5 17. Nxe5 Qxe5 18. Be4 Rb8 19. Rad1 Rxd1 20. Rxd1
Be6 21. c4 Rc8 22. Bxb7 Rxc4 23. Qd3 Rc7 24. Ba6 Bxa2 25. h3 Be6 26. Qa3 Rc2
27. Ra1 Qd4 28. Rf1 Ra2 29. Qd3 Qxd3 30. Bxd3 a5 31. Rc1 Ra4 32. Kf1 Rd4 33.
Ke2 a4 34. Ke3 Rb4 35. Ra1 Bd5 36. g3 Kf6 37. Bc2 Bb3 38. Kd3 Rb6 39. Kd2 Rd6+
0-1